5 Letter H Words (Photos) - Statistics

General Stats
  • This quiz has been taken 121 times
  • The average score is 17 of 20
Answer Stats
Picture Hint Answer % Correct
Heart
100%
Horse
100%
House
99%
Hippo
98%
Plural Heels
97%
Honey
95%
Plural Harps
94%
Husky
93%
Hyena
93%
Happy
90%
Plural Hares
89%
Haiti
88%
Homer
88%
Hippy
83%
Plural Hawks
76%
Henna
72%
Hotel
70%
Capital of Vietnam Hanoi
68%
Heron
65%
...Sophia Hagia
43%
No matching quizzes found
Score Distribution
Percent of People with Each Score
Percentile by Number Answered
Your Score History
You have not taken this quiz